Un cuarto propio
Spremljeno u:
| Glavni autor: | |
|---|---|
| Format: | Knjiga |
| Jezik: | španjolski |
| Izdano: |
Santiago
Cuarto Propio
2010
|
| Izdanje: | 3a. ed |
| Serija: | Ensayo - Literatura
|
| Teme: | |
| Oznake: |
Dodaj oznaku
Bez oznaka, Budi prvi tko označuje ovaj zapis!
|
MARC
| LEADER | 00000cam a2200000 a 4500 | ||
|---|---|---|---|
| 001 | UCC6530 | ||
| 003 | CL-VaPUC | ||
| 008 | 181213e20100000cl |||||||||||||||||spa|d | ||
| 020 | |a 9789562605168 | ||
| 082 | 0 | 4 | |a 824 |b WOO |2 21 |
| 100 | |a Woolf, Virginia, |d 1882-1941 |e autora |9 265377 | ||
| 245 | 1 | 3 | |a Un cuarto propio |
| 250 | |a 3a. ed | ||
| 300 | |a 107 p | ||
| 942 | |c BK | ||
| 945 | |d 20181213 14:55:00 |a dcastane | ||
| 260 | |a Santiago |b Cuarto Propio |c 2010 | ||
| 650 | 0 | |a Ensayos ingleses |9 265096 | |
| 650 | 7 | |a FEMINISMO Y LITERATURA |2 CL-VaPUC |9 317650 | |
| 583 | |a last modification |c 20181213 14:55:00 |k Rodrigo Vera | ||
| 490 | 0 | |a Ensayo - Literatura | |
| 999 | |c 373471 |d 373469 | ||
| 952 | |0 0 |1 0 |3 erb |4 0 |6 824_000000000000000_WOO_2010 |7 0 |8 A |9 491580 |a BIBART |b BIBART |i 5523117 |l 7 |m 6 |o 824 WOO 2010 |p 5523117 |q 2025-05-14 |r 2025-05-07 |s 2025-05-07 |w 2019-11-24 |y BK |z Catalogado en:20181213 |k ART | ||